| 000 | 00927nam a22002417a 4500 | ||
|---|---|---|---|
| 005 | 20110506121539.0 | ||
| 008 | 110506t xxu||||| |||| 00| 0 eng d | ||
| 010 | _aENG-102386 | ||
| 020 |
_a9788178312422 _c1000.00 |
||
| 035 | _aEN-85919 | ||
| 037 | _bDBAD/PUB | ||
| 040 |
_adpl _bEng |
||
| 082 | _a327 | ||
| 245 |
_aInternational politics : _bareas of conflict and confrontation / _cedited by Taufiq A. Nizami |
||
| 260 |
_aNew Delhi _bManak Publications _c2011 |
||
| 270 |
_aB-7, Saraswati Complex, Subhash Chowk, Laxmi Nagar _bNew Delhi _e110092 _k22453894,22042529 _mmanak_publications@hotmail.com |
||
| 300 |
_axii,300p. _c23cm (Hb) |
||
| 500 | _aIncludes indexes | ||
| 650 |
_aInternational relations _927775 |
||
| 700 |
_aNizami, Taufiq A. _927776 |
||
| 942 |
_2ddc _cEN _h327 _mINT |
||
| 999 |
_c52151 _d52151 |
||